[Event "HUN-chT2 Szechenyi 1819"]
[Site "Hungary"]
[Date "2019.04.28"]
[Round "9.2"]
[White "Domonkos, Tamas"]
[Black "Varga, Tibor2222"]
[Result "1/2-1/2"]
[WhiteElo "1877"]
[BlackElo "2037"]
[PlyCount "46"]
[EventDate "2018.10.28"]
[EventType "team-tourn"]
[EventRounds "9"]
[EventCountry "HUN"]
[SourceTitle "EXT 2021"]
[Source "ChessBase"]
[SourceDate "2020.10.23"]
[SourceVersion "1"]
[SourceVersionDate "2020.10.23"]
[SourceQuality "1"]
[WhiteTeam "Tapolca VSE II"]
[BlackTeam "Haladas Szombathely III"]
[WhiteTeamCountry "HUN"]
[BlackTeamCountry "HUN"]

1. c4 e5 2. Nc3 Nf6 3. e3 d5 4. d4 dxc4 5. Bxc4 exd4 6. exd4 Be7 7. Nf3 0-0 8. 0-0 Nbd7 9. h3 h6 10. Bf4 c6 11. Re1 Nb6 12. Bd3 Be6 13. Qd2 Nc4 14. Bxc4 Bxc4 15. Ne5 Ba6 16. Rad1 Bb4 17. a3 Bxc3 18. bxc3 Nd5 19. c4 Nxf4 20. Qxf4 Qd6 21. c5 Qd5 22. Re3 Rfe8 23. Rg3 Qe6 1/2-1/2

[Event "HUN-chT2 Szechenyi 1617"]
[Site "Hungary"]
[Date "2017.02.26"]
[Round "9.7"]
[White "Domonkos, Tamas"]
[Black "Kiss, Zoltan4444"]
[Result "1/2-1/2"]
[WhiteElo "1922"]
[BlackElo "1841"]
[PlyCount "34"]
[EventDate "2016.09.25"]
[EventType "team-tourn"]
[EventRounds "11"]
[EventCountry "HUN"]
[SourceTitle "EXT 2021"]
[Source "ChessBase"]
[SourceDate "2020.10.23"]
[SourceVersion "1"]
[SourceVersionDate "2020.10.23"]
[SourceQuality "1"]
[WhiteTeam "Tapolca VSE II"]
[BlackTeam "Papa"]
[WhiteTeamCountry "HUN"]
[BlackTeamCountry "HUN"]

1. c4 c5 2. Nc3 Nc6 3. g3 e6 4. Bg2 Nf6 5. d3 d5 6. Bg5 d4 7. Ne4 Be7 8. Bxf6 Bxf6 9. Nf3 0-0 10. 0-0 Be7 11. a3 a5 12. Ne1 Ne5 13. Nc2 Rb8 14. a4 b6 15. Na3 Bb7 16. Nb5 Nc6 17. b3 h6 1/2-1/2

[Event "HUN-chT2 Szechenyi 1415"]
[Site "Hungary"]
[Date "2014.10.12"]
[Round "3.6"]
[White "Domonkos, Andras"]
[Black "Domonkos, Tamas"]
[Result "1/2-1/2"]
[WhiteElo "1953"]
[BlackElo "1924"]
[PlyCount "21"]
[EventDate "2014.09.07"]
[EventType "team-tourn"]
[EventRounds "11"]
[EventCountry "HUN"]
[SourceTitle "EXT 2016"]
[Source "ChessBase"]
[SourceDate "2015.10.08"]
[SourceVersion "1"]
[SourceVersionDate "2015.10.08"]
[SourceQuality "1"]
[WhiteTeam "Veszprem"]
[BlackTeam "Tapolca"]
[WhiteTeamCountry "HUN"]
[BlackTeamCountry "HUN"]

1. c4 Nf6 2. Nc3 g6 3. d4 Bg7 4. Nf3 c6 5. e4 d6 6. Be2 Nbd7 7. 0-0 e5 8. d5 cxd5 9. cxd5 a6 10. Bg5 0-0 11. Qd2 1/2-1/2

[Event "HUN-chT2 Szechenyi 1314"]
[Site "Hungary"]
[Date "2014.04.13"]
[Round "10.8"]
[White "Domonkos, Tamas"]
[Black "Toth, Laszlo3333"]
[Result "0-1"]
[WhiteElo "1924"]
[BlackElo "1761"]
[PlyCount "100"]
[EventDate "2013.09.08"]
[EventType "team-tourn"]
[EventRounds "11"]
[EventCountry "HUN"]
[SourceTitle "EXT 2016"]
[Source "ChessBase"]
[SourceDate "2015.10.08"]
[SourceVersion "1"]
[SourceVersionDate "2015.10.08"]
[SourceQuality "1"]
[WhiteTeam "Tapolca II"]
[BlackTeam "Zala Volan"]
[WhiteTeamCountry "HUN"]
[BlackTeamCountry "HUN"]

1. c4 e5 2. Nc3 Nf6 3. d3 c6 4. Nf3 d5 5. cxd5 cxd5 6. Nxe5 Bd6 7. Qa4+ Nbd7 8. Nf3 0-0 9. g3 Re8 10. Bg2 Nc5 11. Qd1 Rb8 12. 0-0 b5 13. b4 Ne6 14. a3 h6 15. Bb2 d4 16. Nb1 Bc7 17. Nbd2 Bb7 18. Nb3 Bb6 19. Rc1 Bxf3 20. Bxf3 Ng5 21. Bg2 h5 22. Qd2 Ne6 23. Bc6 Re7 24. Bxb5 h4 25. Bc6 hxg3 26. hxg3 Nd5 27. Nc5 Bxc5 28. bxc5 f5 29. Ba1 f4 30. Bxd5 Qxd5 31. e4 fxe3 32. fxe3 Qg5 33. Kg2 dxe3 34. Qa2 e2 35. Rh1 Rf8 36. Bc3 Qe3 37. Be1 Ref7 38. Qc4 Qf3+ 39. Kh2 Rf6 40. Bd2 Qh5+ 41. Qh4 Rf2+ 42. Kh3 Qf5+ 43. Qg4 Qh7+ 44. Qh4 Qxd3 45. Qc4 Qf5+ 46. Qg4 Qd5 47. Be3 R2f5 48. Kh4 g5+ 49. Kh3 R8f7 50. Bxg5 Nxg5+ 0-1

[Event "HUN-chT2 Szechenyi 1011"]
[Site "Hungary"]
[Date "2010.11.07"]
[Round "5.5"]
[White "Domonkos, Tamas"]
[Black "Oltean, Gusztav"]
[Result "0-1"]
[WhiteElo "1997"]
[BlackElo "2152"]
[PlyCount "76"]
[EventDate "2010.09.12"]
[EventType "team-tourn"]
[EventRounds "11"]
[EventCountry "HUN"]
[SourceTitle "EXT 2012"]
[Source "ChessBase"]
[SourceDate "2011.11.24"]
[SourceVersion "1"]
[SourceVersionDate "2011.11.24"]
[SourceQuality "1"]
[WhiteTeam "Tapolca"]
[BlackTeam "Veszprem"]
[WhiteTeamCountry "HUN"]
[BlackTeamCountry "HUN"]

1. c4 Nf6 2. Nc3 g6 3. g3 Bg7 4. Bg2 0-0 5. Nf3 d6 6. 0-0 e5 7. d3 Nc6 8. Nd5 Nxd5 9. cxd5 Ne7 10. e4 c6 11. dxc6 Nxc6 12. Nd2 Be6 13. Nc4 d5 14. Ne3 d4 15. Nc2 f5 16. f4 Rc8 17. Bd2 Qb6 18. b3 Rfd8 19. Na3 Nb4 20. Bxb4 Qxb4 21. Nc4 exf4 22. gxf4 b5 23. Ne5 Qd6 24. exf5 Bxf5 25. Ng4 Rc3 26. Be4 Bxe4 27. dxe4 d3 28. e5 Qd4+ 29. Kg2 h5 30. Nf6+ Bxf6 31. exf6 Rc2+ 32. Kg3 Qxf6 33. Rc1 h4+ 34. Kf3 Qc6+ 35. Kg4 Qg2+ 36. Kxh4 Qxh2+ 37. Kg5 Rg2+ 38. Kf6 Qh4+ 0-1

[Event "HUN-chT2 Szechenyi 0910"]
[Site "Hungary"]
[Date "2009.11.22"]
[Round "2.8"]
[White "Novak, Attila Robert"]
[Black "Domonkos, Tamas"]
[Result "1-0"]
[WhiteElo "2122"]
[BlackElo "1991"]
[PlyCount "51"]
[EventDate "2009.11.08"]
[EventType "team-tourn"]
[EventRounds "11"]
[EventCountry "HUN"]
[SourceTitle "EXT 2011"]
[Source "ChessBase"]
[SourceDate "2010.11.26"]
[SourceVersion "1"]
[SourceVersionDate "2010.11.26"]
[SourceQuality "1"]
[WhiteTeam "BSC"]
[BlackTeam "Tapolca Szeremley"]
[WhiteTeamCountry "HUN"]
[BlackTeamCountry "HUN"]

1. d4 Nf6 2. c4 e5 3. d5 d6 4. Nc3 Be7 5. e4 0-0 6. Bd3 c6 7. a3 a5 8. Nge2 Nbd7 9. h3 cxd5 10. cxd5 Nc5 11. Be3 Nxd3+ 12. Qxd3 Bd7 13. 0-0 b5 14. b4 axb4 15. axb4 Qc7 16. f4 exf4 17. Bxf4 Qc4 18. Qxc4 bxc4 19. Nd4 h6 20. Nc6 Bxc6 21. dxc6 Rxa1 22. Rxa1 d5 23. Nxd5 Nxd5 24. exd5 Bxb4 25. d6 g5 26. d7 1-0